Invariant Theory, Old and New /
में बचाया:
| मुख्य लेखक: | |
|---|---|
| अन्य लेखक: | |
| स्वरूप: | Sách giấy |
| भाषा: | English |
| प्रकाशित: |
New York :
Academic Press ,
1971
|
| टैग : |
टैग जोड़ें
कोई टैग नहीं, इस रिकॉर्ड को टैग करने वाले पहले व्यक्ति बनें!
|
| Thư viện lưu trữ: | Thư viện Trường Đại học Đà Lạt |
|---|
| LEADER | 00623nam a2200253 4500 | ||
|---|---|---|---|
| 001 | DLU020011481 | ||
| 005 | ##1/14/2000 | ||
| 041 | # | # | |a eng |
| 082 | # | # | |a 512.74 |b DI-J |
| 090 | # | # | |a 512.74 |b DI-J |
| 100 | # | # | |a Dieudonné, Jean A. |
| 245 | # | # | |a Invariant Theory, Old and New / |c Dieudonné Jean A., Carrell Jean B. |
| 260 | # | # | |a New York : |b Academic Press , |c 1971 |
| 300 | # | # | |a VIII, 85 tr.; |c 24 cm. |
| 700 | # | # | |a Carrell, Jean B. |
| 992 | # | # | |a 2500 |
| 994 | # | # | |a DLU |
| 900 | # | # | |a False |
| 911 | # | # | |a Administrator |
| 925 | # | # | |a G |
| 926 | # | # | |a A |
| 927 | # | # | |a SH |
| 980 | # | # | |a Thư viện Trường Đại học Đà Lạt |